[Event "Hengelo U16 op"]
[Site "Hengelo"]
[Date "2005.08.13"]
[Round "9"]
[White "Van Steijn, Hans"]
[Black "Dekker, Matthijs"]
[Result "1/2-1/2"]
[WhiteElo "1412"]
[BlackElo "1529"]
[PlyCount "68"]
[EventDate "2005.08.??"]
[EventType "swiss"]
[EventRounds "9"]
[EventCountry "NED"]
[SourceTitle "CBM 107 Extra"]
[Source "ChessBase"]
[SourceDate "2005.09.01"]
[SourceVersion "1"]
[SourceVersionDate "2005.09.01"]
[SourceQuality "1"]

1. e4 e5 2. Nf3 Nc6 3. Bc4 Bc5 4. d3 h6 5. 0-0 Nf6 6. Be3 Bb6 7. Nc3 d6 8. d4 exd4 9. Nxd4 0-0 10. Qd2 Re8 11. f3 Ne5 12. Be2 Bd7 13. Kh1 Qe7 14. g4 Nc6 15. Nf5 Bxf5 16. gxf5 Bxe3 17. Qxe3 Kh7 18. Rg1 Qe5 19. Rg3 Rg8 20. Rh3 Nd4 21. f4 Qc5 22. e5 Nd5 23. Qe4 Nxc3 24. Rxc3 Qb6 25. f6+ g6 26. Rg1 Nxe2 27. Qxe2 Rae8 28. Rh3 dxe5 29. fxe5 Rh8 30. Qd2 Qc6+ 31. Rg2 Kg8 32. Rxh6 Rh7 33. Qg5 Qe4 34. Rxh7 Kxh7 1/2-1/2